000 00646nam a22001937a 4500
003 DO-SdBNP
005 20240305140748.0
008 211129b ||||| |||| 00| 0 spa
040 _aDO-SdBNP
_bspa
_cBNPHU
082 _222
_a268.729356
_bR788c
100 1 0 _a Rosa y Carpio, Ramón Benito de la,
_d1939-
_eArzobispo de Santiago
_974159
245 1 0 _aLa catequesis en Santiago /
_cRamón Benito de la Rosa y Carpio
250 _bCuidado del Dr. Rafael Bello Peguero. Pbro.
260 _aSanto Dominigo :
_bAmigo del Hogar,
_c2012.
300 _a16 p. :
_bil.;
_c23 cm
590 _aInventariado, 2021 / SA
910 _aSaquino
942 _2ddc
_cLF2
999 _c51066
_d51066